00617cam a22001692 4500001001100000005001700011008004100028020002600069040001500095100002900110245007300139260004900212300001200261650005600273650006000329650005800389000000850720151217152035.0080418s xx 000 0 eng d a1856841502 :cKES 730 aKABUcKABU1 aJames, John.@000015912110aHaggai, Zechariah and Malachi :bCrossway Bible guide /cJohn James. aLeicester, England :bCrossway Books,c1996. a166 p. 0aBible.O. T. HaggaixStudy and teaching.@0000159122 0aBible. O. T. ZechariahxStudy and teaching.@0000159123 0aBible. O. T. MalachixStudy and teaching.@0000159124